A Map drawn in 1585 to illustrate a lawsuit concerning Geldings Close (Record no. 116857)
[ view plain ]
| 000 -LEADER | |
|---|---|
| fixed length control field | 00895cem a22002295a 4500 |
| 001 - CONTROL NUMBER | |
| control field | L140380 |
| 008 - FIXED-LENGTH DATA ELEMENTS--GENERAL INFORMATION | |
| fixed length control field | 070920r19251585xxk a 0 f eng u |
| 035 ## - SYSTEM CONTROL NUMBER | |
| System control number | (Sirsi) u140380 |
| 041 0# - LANGUAGE CODE | |
| Language code of text/sound track or separate title | eng |
| 110 2# - MAIN ENTRY--CORPORATE NAME | |
| Corporate name or jurisdiction name as entry element | London Topographical Society |
| 9 (RLIN) | 106 |
| 245 02 - TITLE STATEMENT | |
| Title | A Map drawn in 1585 to illustrate a lawsuit concerning Geldings Close |
| Medium | [cartographic material] |
| 250 ## - EDITION STATEMENT | |
| Edition statement | Facsim. |
| 255 ## - CARTOGRAPHIC MATHEMATICAL DATA | |
| Statement of scale | Scale 1:1980 |
| 260 ## - PUBLICATION, DISTRIBUTION, ETC. | |
| Place of publication, distribution, etc. | London |
| Name of publisher, distributor, etc. | London Topographical Society |
| Date of publication, distribution, etc. | 1925 |
| 300 ## - PHYSICAL DESCRIPTION | |
| Extent | 1 map |
| Dimensions | 61 x 79 cm. + |
| Accompanying material | 1 sheet (25 cm.) |
| 500 ## - GENERAL NOTE | |
| General note | A facsimile of the original map by R. Tiswell dating from 1585, which shows the area between St Martin's Lane and Bond Street. |
| 500 ## - GENERAL NOTE | |
| General note | Item is accompanied by a sheet containing notes on the map. |
| 651 4# - SUBJECT ADDED ENTRY--GEOGRAPHIC NAME | |
| Geographic name | London |
| 690 ## - LOCAL SUBJECT ADDED ENTRY--TOPICAL TERM (OCLC, RLIN) | |
| Topical term or geographic name as entry element | ENVIRONMENTAL AND LAND CONSULTANCY-GEOMATICS-MAPPING AND POSITIONING-CARTOGRAPHY |
| 700 1# - ADDED ENTRY--PERSONAL NAME | |
| Personal name | Tiswell, R. |
| 942 ## - ADDED ENTRY ELEMENTS (KOHA) | |
| Suppress in OPAC | 0 |
| Withdrawn status | Lost status | Source of classification or shelving scheme | Damaged status | Not for loan | Home library | Current library | Shelving location | Date acquired | Total Checkouts | Full call number | Barcode | Date last seen | Copy number | Price effective from | Koha item type |
|---|---|---|---|---|---|---|---|---|---|---|---|---|---|---|---|
| Dewey Decimal Classification | Historic collection | Historic collection | Historic collection | 20/09/2007 | MAP CABINET DRAWER 4 | 140380-2001 | 06/08/2019 | 1 | 06/08/2019 | Archive |